Sports Quiz

Random Sports or Year Quiz

Basketball Hall of Famers by Draft Year Quiz Stats

 Plays Quiz Updated Sep 8, 2018

Challenge
Share
Tweet
Embed
Score 0/46 Timer 10:00
8 Plays Today
Year Player(s) % Correct
1984Charles Barkley, Michael Jordan, Hakeem Olajuwon, Oscar Schmidt, John Stockton
97.8%
1979Nikos Galis, Magic Johnson
87.3%
1976Adrian Dantley, Alex English, Dennis Johnson, Robert Parish
87.1%
1985Joe Dumars, Patrick Ewing, Karl Malone, Chris Mullin
86.1%
1963Gus Johnson, Nate Thurmond
85.4%
1978Larry Bird, Maurice Cheeks
84.8%
1987Šarūnas Marčiulionis, Reggie Miller, Scottie Pippen, David Robinson
83.9%
1956Tom Heinsohn, K.C. Jones, Bill Russell
83.6%
1992Alonzo Mourning, Shaquille O'Neal
83.4%
1960Oscar Robertson, Jerry West, Lenny Wilkens
80.1%
1959Wilt Chamberlain, Bailey Howell
77.9%
1996Ray Allen, Allen Iverson, Steve Nash
76.7%
1969Kareem Abdul-Jabbar, Jo Jo White
75.2%
1975Moses Malone (Supplemental), David Thompson
74.9%
1981Isiah Thomas
66.5%
1982Dominique Wilkins, James Worthy
64.5%
1994Grant Hill, Jason Kidd
64.3%
1950Paul Arizin, Bob Cousy, Bill Sharman, George Yardley
63.4%
1972Julius Erving, Bob McAdoo
62.3%
1974George Gervin, Bill Walton, Jamaal Wilkes
60.8%
2002Yao Ming
59.8%
1970Nate Archibald, Dave Cowens, Dan Issel, Bob Lanier, Pete Maravich, Calvin Murphy, Charlie Scott
58%
1986Dražen Petrović, Dennis Rodman, Arvydas Sabonis
56.9%
Year Player(s) % Correct
1983Clyde Drexler, Ralph Sampson
56.2%
1962Zelmo Beaty, Dave DeBusschere, John Havlicek, Jerry Lucas, Chet Walker
55.4%
1958Elgin Baylor, Hal Greer, Guy Rodgers
51.8%
1957Sam Jones
51.2%
1980Kevin McHale
50.7%
1965Rick Barry, Bill Bradley, Billy Cunningham, Gail Goodrich
48.1%
1997Tracy McGrady
46.7%
1954Richie Guerin, Bob Pettit
46.4%
1968Elvin Hayes, Wes Unseld
45.6%
1967Louie Dampier, Mel Daniels, Walt Frazier, Earl Monroe
43.9%
1990Gary Payton
40.9%
1964Willis Reed
40.2%
1977Bernard King
27.1%
1991Dikembe Mutombo
26.6%
1988Mitch Richmond
23.5%
1966Dave Bing
20%
1971Artis Gilmore, Spencer Haywood
17.3%
1961Walt Bellamy
14.1%
1955Tom Gola, Maurice Stokes, Jack Twyman
9.5%
1953Cliff Hagan, Bob Houbregs, Frank Ramsey
8%
1952Clyde Lovellette
4.6%
1989Dino Rađa
4.3%
1973Krešimir Ćosić, George McGinnis
0.6%

You're not logged in!

Compare scores with friends on all Sporcle quizzes.
Join for Free
OR
Log In

You Might Also Like...

Show Comments

Extras

Top Quizzes Today


Score Distribution

Your Account Isn't Verified!

In order to create a playlist on Sporcle, you need to verify the email address you used during registration. Go to your Sporcle Settings to finish the process.

Report this User

Report this user for behavior that violates our Community Guidelines.

Details: